| 000 | 00526nam a22001937a 4500 | ||
|---|---|---|---|
| 008 | 150617b xxu||||| |||| 00| 0 eng d | ||
| 020 | _a9789812790675 | ||
| 020 | _a9812790675 | ||
| 041 | 0 | _aeng | |
| 080 | _a658 | ||
| 100 | 1 | _aEl-Meligi, A. Moneim, | |
| 245 | 1 | 0 |
_aWork, management, and the business of living / _cMoneim El-Meligi. |
| 260 |
_aHackensack, NJ : _bWorld Scientific, _c2012. |
||
| 300 |
_a235 f. ; _c25 cm. |
||
| 505 | _aindex: f.227-235 | ||
| 650 | 0 | _aOrganizimi | |
| 650 | 0 | _aLeadership | |
| 942 |
_2udc _cBK |
||
| 999 |
_c1054 _d1054 |
||